000 00725nam a2200265 a 4500
003 AR-BaBNM
005 20251128205113.0
008 082120s2002 ||||||||||||||000 | spa||
020 _a950-25-0013-X
040 _cAR-BaBNM
100 1 _aOddone, Jacinto
245 0 0 _aHistoria del socialismo argentino
_b1896-1811
_n2
260 _aBuenos Aires
_bCentro Editor de América Latina
_c1983
300 _a298 p.
490 0 _aBiblioteca política argentina
_vv. 13
650 4 _aPOLITICA
650 4 _aPARTIDOS POLITICOS ARGENTINOS
650 4 _aHISTORIA POLITICA
650 4 _aSOCIALISMO
650 4 _aSOCIALISMO
651 4 _aArgentina
800 1 _aTroncoso, Oscar
_edirector
942 _cBK
998 _cEnrique
999 _c10005
_d10005